Prénoms de filles les plus populaires au Québec en 2020 - Statistiques

Statistiques générales
  • Ce quiz a été pris 908 fois
  • Le résultat moyen est 37 sur 100
Statistiques - réponses
% Correct
Léa
78%
Emma
77%
Anna
75%
Julia
75%
Ellie
67%
Rose
66%
Sarah
65%
Charlotte
61%
Alice
60%
Olivia
58%
Charlie
57%
Chloé
57%
Jade
57%
Juliette
57%
Lily
57%
Zoé
56%
Zoey
56%
Eva
54%
Florence
54%
Camille
53%
Mia
51%
Alicia
50%
Laura
49%
Sophie
49%
Clara
48%
Jeanne
48%
Lou
48%
Sofia
48%
Sophia
48%
Gabrielle
47%
Rosalie
47%
Emy
46%
Noémie
46%
Victoria
45%
Béatrice
44%
Ève
44%
Laurence
44%
Justine
43%
Maélie
43%
Maely
43%
Laurie
42%
Élisabeth
40%
Elizabeth
40%
Raphaëlle
39%
Aurélie
38%
Coralie
38%
Élodie
36%
Alexia
35%
Amélia
35%
Anaïs
35%
Léanne
35%
Romy
35%
Annabelle
34%
Livia
34%
Lyvia
34%
Océane
34%
Mathilde
33%
Léonie
32%
Mila
32%
Adèle
30%
Éloïse
29%
Ophélie
29%
Romane
29%
Delphine
28%
Jasmine
28%
Lina
28%
Maëva
28%
Margot
28%
Maya
28%
Lena
27%
Lily-Rose
27%
Simone
27%
Clémence
25%
Elena
25%
Flora
24%
Flavie
23%
Nora
22%
Agathe
21%
Mélodie
20%
Abby
19%
Abigaëlle
19%
Ariel
19%
Arielle
19%
Éléonore
19%
Eliane
19%
Evelyne
19%
Ella
18%
Luna
16%
Stella
16%
Estelle
15%
Alyssa
14%
Kayla
14%
Lara
14%
Billie
13%
Ophelia
13%
Léa-Rose
12%
Layla
11%
Lexie
10%
Noélie
10%
Madison
7%
Aucun quiz correspondant
Distribution des résultats
% des personnes avec chaque résultat
Percentile par nombre de réponses
Votre historique - résultats
Vous n’avez pas pris ce quiz